Arts Martiaux par images - Statistiques

Statistiques générales
  • Ce quiz a été pris 74 fois
  • Le résultat moyen est 8 sur 12
Statistiques - réponses
Par images Réponse % Correct
Judo
97%
Boxe Anglaise
95%
Karaté
92%
MMA
92%
Escrime
83%
Boxe Française
77%
Taekwondo
62%
Kickboxing
58%
Boxe Thaïlandaise
57%
Capoeira
55%
Sambo
37%
Lutte Gréco-Romaine
33%
Aucun quiz correspondant
Distribution des résultats
% des personnes avec chaque résultat
Percentile par nombre de réponses
Votre historique - résultats
Vous n’avez pas pris ce quiz